000
00247nam a2200097Ia 4500
001
1220677
005
20250827092815.0
008
250824s9999 xx 000 0 und d
245
0
_a
ÜÇ ARKADAŞ
_c
ERICH MARIA REMARQUE
260
_b
EVEREST YAYINLARI
999
_c
1220677
_d
1220677